[Event "Championnat de France des Jeunes - Minim"]
[Site "Aix-les-Bains"]
[Date "2009.??.??"]
[Round "7.5"]
[White "Dubessay, Bastien"]
[Black "Nguyen, Vincent"]
[Result "0-1"]
[WhiteElo "2134"]
[BlackElo "2058"]
[PlyCount "90"]

1. d4 Nf6 2. c4 e6 3. Nf3 c5 4. d5 exd5 5. cxd5 d6 6. Nc3 g6 7. Bf4 a6 8. a4
Bg7 9. e4 O-O 10. Be2 Re8 11. Nd2 Qc7 12. Qc2 Nbd7 13. Nc4 Bf8 14. O-O Rb8 15.
a5 b5 16. axb6 Nxb6 17. Na5 Bg7 18. Nc6 Ra8 19. f3 Nfxd5 20. Nxd5 Qxc6 21. Nb4
Qd7 22. Nxa6 Bb7 23. Qb3 Bd4+ 24. Kh1 Nc8 25. Bc4 Rf8 26. Rfd1 Kg7 27. Bb5 Qe7
28. Be3 Bxe3 29. Qxe3 Na7 30. Bc4 Nc6 31. Qb3 Ne5 32. Qc3 Kg8 33. Bb5 h5 34.
Qd2 Rfd8 35. h3 d5 36. exd5 Rxd5 37. Qe2 Rad8 38. Rxd5 Rxd5 39. Bc4 Rd4 40. Bb5
Qd6 41. Re1 f6 42. Rc1 Rd2 43. Qe3 Nxf3 44. Qe8+ Kg7 45. Qb8 Rd1+ 0-1

[Event "Championnat de France des Jeunes - Minim"]
[Site "Aix-les-Bains"]
[Date "2009.??.??"]
[Round "7.6"]
[White "Muheim, Sebastien"]
[Black "Velten, Paul"]
[Result "1/2-1/2"]
[WhiteElo "2031"]
[BlackElo "2129"]
[PlyCount "104"]

1. d4 d5 2. c4 dxc4 3. e3 e5 4. Bxc4 exd4 5. exd4 Nf6 6. Nf3 Be7 7. O-O O-O 8.
Re1 Bg4 9. Nbd2 Nbd7 10. Qe2 Bb4 11. a3 Re8 12. Bxf7+ Kxf7 13. Qc4+ Kg6 14.
axb4 Rxe1+ 15. Nxe1 Nb6 16. Qd3+ Bf5 17. Qg3+ Kf7 18. Ndf3 Qe7 19. Ne5+ Kg8 20.
Bg5 Nbd5 21. N1d3 Re8 22. Nf4 Qxb4 23. Bxf6 Nxf6 24. Qc3 Qxc3 25. bxc3 a6 26.
f3 g5 27. Ne2 Nd7 28. Ng3 Nxe5 29. Nxf5 Nd3 30. Rd1 Nf4 31. Ng3 Kf7 32. Ne4 h6
33. Kf2 a5 34. d5 Rd8 35. c4 b6 36. Rd2 Ke7 37. Ke3 Ng6 38. Kd4 Nh4 39. Ke5 a4
40. c5 bxc5 41. Nxc5 a3 42. Ne4 Ra8 43. Ra2 Ra5 44. Nc3 Ng6+ 45. Kd4 h5 46. g3
h4 47. Re2+ Kf7 48. Kc4 hxg3 49. hxg3 Ne7 50. Ra2 Nf5 51. Kb4 Ra8 52. Rxa3 Rxa3
1/2-1/2

[Event "Championnat de France des Jeunes - Minim"]
[Site "Aix-les-Bains"]
[Date "2009.??.??"]
[Round "7.7"]
[White "Fevre, Mathieu"]
[Black "Brunier, Jules"]
[Result "1/2-1/2"]
[WhiteElo "2065"]
[BlackElo "2004"]
[PlyCount "59"]

1. e4 e6 2. Qe2 Nc6 3. Nf3 e5 4. c3 a5 5. d4 d6 6. Qc2 Nf6 7. a3 Qe7 8. Bd3 g6
9. h3 Bg7 10. O-O O-O 11. Be3 Re8 12. d5 Nb8 13. c4 c6 14. dxc6 bxc6 15. Nc3
Nbd7 16. Nd2 Bb7 17. Rac1 Rec8 18. Rfd1 d5 19. cxd5 cxd5 20. exd5 Bxd5 21. Nxd5
Nxd5 22. Qxc8+ Rxc8 23. Rxc8+ Nf8 24. Bc5 Qb7 25. Re8 Qc6 26. Rxf8+ Bxf8 27.
Bxf8 Kxf8 28. Nc4 Nf4 29. Bf1 Qf6 30. Re1 1/2-1/2

[Event "Championnat de France des Jeunes - Mini"]
[Site "Aix-les-Bains"]
[Date "2009.??.??"]
[Round "7.8"]
[White "Gelin, Baptiste"]
[Black "Grandadam, Nicolas"]
[Result "0-1"]
[WhiteElo "1789"]
[BlackElo "2133"]
[PlyCount "100"]
[EventDate "2009.??.??"]

1. e4 c5 2. Nf3 e6 3. Nc3 a6 4. g3 b5 5. Bg2 Bb7 6. d4 cxd4 7. Nxd4 d6 8. O-O
Nf6 9. Re1 Qc7 10. Bg5 Nbd7 11. a4 b4 12. Nd5 exd5 13. exd5+ Kd8 14. Qe2 Qb6
15. Nc6+ Kc7 16. c4 a5 17. Rac1 Nc5 18. Bxf6 gxf6 19. Qf3 Nd7 20. Qh5 Rg8 21.
Qxf7 Rg7 22. Qe6 Bxc6 23. dxc6 Nc5 24. Qd5 Rd8 25. Rcd1 Nxa4 26. Rd2 Qc5 27.
Qf3 Nb6 28. Qxf6 Nxc4 29. Rc2 Qb5 30. b3 Ne5 31. f4 Ng4 32. Qb2 Rf7 33. Bf3 Bg7
34. Qc1 Nh6 35. Qe3 Qb6 36. Qxb6+ Kxb6 37. Bd5 Rc7 38. h3 Nf5 39. g4 Bd4+ 40.
Kg2 Ne3+ 41. Rxe3 Bxe3 42. Kf3 Bd4 43. g5 Re8 44. Kg4 Bc3 45. f5 Kc5 46. Bg2 d5
47. f6 d4 48. Rf2 d3 49. f7 Rf8 50. Rf5+ Kb6 0-1

[Event "Championnat de France des Jeunes - Minim"]
[Site "Aix-les-Bains"]
[Date "2009.??.??"]
[Round "7.9"]
[White "Billon, Olivier"]
[Black "Palacios-Aguilar, Diego-Andre"]
[Result "0-1"]
[WhiteElo "1995"]
[BlackElo "1862"]
[PlyCount "110"]

1. e4 c5 2. Nf3 e6 3. d4 cxd4 4. Nxd4 Nf6 5. Nc3 Nc6 6. Be3 Bb4 7. Bd3 Qa5 8.
O-O Bxc3 9. bxc3 O-O 10. c4 Nxd4 11. Bxd4 e5 12. Be3 d6 13. Bg5 Be6 14. Bxf6
gxf6 15. f4 exf4 16. Rxf4 Kg7 17. Qf3 h5 18. Rxf6 Qe5 19. Rf1 Rac8 20. Kh1 Rc5
21. Qf2 Ra5 22. Qd2 Qg5 23. Qb4 Qe5 24. Qe1 Rxa2 25. Qc1 Qxf6 26. Rxf6 Kxf6 27.
Qh6+ Ke7 28. h3 Ra5 29. Qd2 Rc5 30. Qb4 Bc8 31. Qa4 a6 32. Qb4 Rg8 33. Qb6 Rgg5
34. Be2 Rg3 35. Bf3 h4 36. e5 Rxe5 37. Bxb7 Bxb7 38. Qxb7+ Kf8 39. Qa8+ Kg7 40.
Qd8 Re2 41. Qxh4 Rexg2 42. Qd4+ f6 43. c5 dxc5 44. Qxc5 Kg6 45. Qd5 Rg1+ 46.
Kh2 Rg5 47. Qd3+ Kh6 48. h4 R5g2+ 49. Kh3 Rg6 50. Qf3 Kg7 51. c4 f5 52. Kh2
R1g4 53. Kh3 Rg1 54. h5 R6g5 55. Kh4 R1g4+ 0-1

[Event "Championnat de France des Jeunes - Mini"]
[Site "Aix-les-Bains"]
[Date "2009.??.??"]
[Round "7.10"]
[White "Botto, Julien"]
[Black "Bertrand, Quentin"]
[Result "0-1"]
[WhiteElo "1923"]
[BlackElo "1992"]
[PlyCount "80"]
[EventDate "2009.??.??"]

1. e4 c5 2. Nf3 Nc6 3. d4 cxd4 4. Nxd4 g6 5. Nc3 Bg7 6. Be3 Nf6 7. Bc4 Qa5 8.
Nb3 Qb4 9. Bd3 Nxe4 10. Bxe4 Bxc3+ 11. bxc3 Qxe4 12. O-O O-O 13. Bh6 Re8 14.
Re1 Qc4 15. Qf3 f5 16. Rad1 Qf7 17. Nc5 e6 18. Rd6 b6 19. Nxe6 Bb7 20. Red1
Rxe6 21. Qd3 Rae8 22. f3 Rxd6 23. Qxd6 Qe6 24. Qxd7 Qxd7 25. Rxd7 Re7 26. Rd2
Na5 27. Kf2 Ba6 28. Rd8+ Kf7 29. Rh8 Ke6 30. Ke3 Nc4+ 31. Kf4 Nd6 32. Bg5 Rc7
33. h4 Bc4 34. a4 Bf1 35. g4 fxg4 36. fxg4 Rf7+ 37. Kg3 Ne4+ 38. Kh2 Nxg5 39.
hxg5 Be2 40. Kg3 Bd1 0-1

[Event "Championnat de France des Jeunes - Minim"]
[Site "Aix-les-Bains"]
[Date "2009.??.??"]
[Round "7.11"]
[White "Ollier, Milan"]
[Black "Pilte, Nicolas"]
[Result "0-1"]
[WhiteElo "1991"]
[BlackElo "1974"]
[PlyCount "122"]

1. e4 e5 2. Nc3 Nf6 3. Bc4 Nc6 4. d3 Bb4 5. Bg5 h6 6. Bxf6 Bxc3+ 7. bxc3 Qxf6
8. Ne2 d6 9. O-O Be6 10. Bxe6 fxe6 11. f4 O-O 12. Qd2 d5 13. Qe3 d4 14. cxd4
Nxd4 15. Nxd4 exd4 16. Qf3 c5 17. Qh5 Rac8 18. Rf3 c4 19. Raf1 cxd3 20. cxd3
Rc2 21. Rg3 Kh7 22. Qa5 a6 23. e5 Qd8 24. Qa4 Rc3 25. Qb4 Rf7 26. a4 Qd5 27. h3
a5 28. Qb2 b5 29. axb5 a4 30. Qe2 a3 31. Qh5 Rcc7 32. b6 Rb7 33. Qg6+ Kh8 34.
Qe4 Rxb6 35. Qxd5 exd5 36. Ra1 Ra7 37. Rf3 Kg8 38. Rf2 Kf7 39. f5 Rb3 40. Rd2
g6 41. g4 gxf5 42. gxf5 Re7 43. Re1 Rb2 44. Rxb2 axb2 45. Kg2 Rxe5 46. Rb1 Re2+
47. Kf3 Rc2 48. Kf4 Kf6 49. Kg4 h5+ 50. Kf4 Rd2 51. h4 Rc2 52. Kg3 Kxf5 53.
Rf1+ Ke5 54. Rb1 Kd6 55. Kf4 Kc5 56. Ke5 Re2+ 57. Kf5 Kb4 58. Rg1 Rc2 59. Rg8
Kc3 60. Rb8 Kxd3 61. Ke5 Kd2 0-1

[Event "Championnat de France des Jeunes - Minim"]
[Site "Aix-les-Bains"]
[Date "2009.??.??"]
[Round "7.12"]
[White "Mouhamad, Joachin"]
[Black "Ternault, Mathieu"]
[Result "1-0"]
[WhiteElo "1978"]
[BlackElo "1911"]
[PlyCount "119"]

1. e4 c5 2. Nf3 d6 3. b4 cxb4 4. a3 Nf6 5. Bb5+ Bd7 6. Qe2 Bxb5 7. Qxb5+ Qd7 8.
Qxb4 e6 9. Qc4 Na6 10. Qe2 Rc8 11. d3 Qa4 12. c3 Nc5 13. O-O Be7 14. Be3 O-O
15. Ra2 d5 16. e5 Ng4 17. Bc1 Nb3 18. Qc2 Nc5 19. h3 Qxc2 20. Rxc2 Nh6 21. Bxh6
gxh6 22. Rd1 Rfd8 23. Kf1 Na4 24. Re1 b5 25. Ke2 Rd7 26. Nd4 Bg5 27. Rf1 Bf4
28. Nf3 d4 29. g3 Bg5 30. Nxg5 hxg5 31. Rfc1 Rdc7 32. Kd2 Nc5 33. Rb2 a6 34. c4
bxc4 35. dxc4 Ne4+ 36. Kd3 Nc5+ 37. Kxd4 Rd7+ 38. Ke3 Nd3 39. Rd2 Nxe5 40. Rxd7
Nxd7 41. Nd2 f5 42. Nb3 Ne5 43. c5 Nc6 44. Nd4 Kf7 45. Rb1 Ne5 46. Rb7+ Kf6 47.
Nb3 Nc4+ 48. Kd4 Nxa3 49. Rb6 Nb5+ 50. Kc4 Nc7 51. Nd4 a5 52. f4 gxf4 53. gxf4
Re8 54. c6 Rd8 55. Nb5 Nxb5 56. Kxb5 Ke7 57. c7 Rc8 58. Kc6 e5 59. fxe5 f4 60.
Kb7 1-0

[Event "Championnat de France des Jeunes - Minim"]
[Site "Aix-les-Bains"]
[Date "2009.??.??"]
[Round "7.13"]
[White "Meley, Hector"]
[Black "Domenech, Vianney"]
[Result "0-1"]
[WhiteElo "1889"]
[BlackElo "1987"]
[PlyCount "76"]

1. d4 d5 2. c4 c6 3. Nf3 Nf6 4. Nc3 a6 5. c5 Bf5 6. Qb3 Qc8 7. Bf4 Nbd7 8. e3
e6 9. Be2 Be7 10. O-O O-O 11. Nh4 Bg6 12. Qd1 Re8 13. Nxg6 hxg6 14. Rb1 Bd8 15.
b4 e5 16. Bg3 exd4 17. exd4 Nf8 18. a4 Ne6 19. Qd2 Nd7 20. f3 Nxd4 21. Qxd4 Bf6
22. Qd3 Bxc3 23. Qxc3 Rxe2 24. Rfe1 Rxe1+ 25. Rxe1 b5 26. a5 Nf6 27. Re7 Qf5
28. Qe5 Qb1+ 29. Be1 Ne4 30. Kf1 Qd3+ 31. Kg1 Qe2 32. Qa1 Qe3+ 33. Bf2 Qxf2+
34. Kh1 Nf6 35. h3 d4 36. Qb1 Rd8 37. Qb3 Qf1+ 38. Kh2 Qc4 0-1

[Event "Championnat de France des Jeunes - Minim"]
[Site "Aix-les-Bains"]
[Date "2009.??.??"]
[Round "7.14"]
[White "Dionisi, Thomas"]
[Black "Gallant, Aurelien"]
[Result "0-1"]
[WhiteElo "2129"]
[BlackElo "1916"]
[PlyCount "88"]

1. e4 c5 2. Nf3 Nc6 3. Bb5 e6 4. Bxc6 bxc6 5. O-O Ne7 6. d3 Ng6 7. e5 Be7 8.
Nbd2 Qc7 9. Nc4 O-O 10. Re1 Ba6 11. b3 f6 12. Bb2 Bxc4 13. dxc4 fxe5 14. Nxe5
Nxe5 15. Bxe5 d6 16. Bc3 Bf6 17. Bxf6 Rxf6 18. Qg4 e5 19. Rad1 Qf7 20. Qe4 Rc8
21. Rd3 Rf4 22. Qe3 Rf8 23. Rxd6 Rxf2 24. h3 Rxc2 25. Rd2 Rxd2 26. Qxd2 Qe7 27.
Qe3 Re8 28. Rf1 Qd6 29. Kh1 e4 30. Qe2 e3 31. Qf3 Qe6 32. Re1 e2 33. Kg1 Qe5
34. Qf2 Qd4 35. g3 Qd2 36. Kg2 h6 37. h4 a5 38. Kg1 Re5 39. a4 Qd3 40. Kh2 Re3
41. Kg2 Qe4+ 42. Kh2 h5 43. Kg1 Rxb3 44. Rxe2 Rb1+ 0-1

[Event "Championnat de France des Jeunes - Minim"]
[Site "Aix-les-Bains"]
[Date "2009.??.??"]
[Round "7.15"]
[White "Ane, Cedric"]
[Black "L'Huillier, Robin"]
[Result "1-0"]
[WhiteElo "2060"]
[BlackElo "1932"]
[PlyCount "45"]

1. e4 e5 2. Nf3 Nc6 3. Bb5 a6 4. Ba4 Nf6 5. O-O Be7 6. d3 b5 7. Bb3 O-O 8. a4
Bb7 9. Nc3 b4 10. Nd5 Nd4 11. Nxf6+ Bxf6 12. Nxd4 exd4 13. f4 d6 14. a5 c5 15.
Qf3 Qc7 16. g4 Rae8 17. g5 Bd8 18. f5 Kh8 19. Bf4 g6 20. Qg3 Qd7 21. Bxd6 Be7
22. Be5+ Kg8 23. fxg6 1-0

[Event "Championnat de France des Jeunes - Minimettes"]
[Site "Aix les Bains"]
[Date ""]
[Round "7.1"]
[White "Neuhauser, Salome"]
[Black "De Seroux, Camille"]
[Result "1-0"]
[WhiteElo "1977"]
[BlackElo "1909"]
[Annotator ""]

1. e4 c5 2. Nf3 d6 3. d4 cxd4 4. Qxd4 Nc6 5. Bb5 Bd7 6. Bxc6 Bxc6 7. Nc3 Nf6 8.
Bg5 e5 9. Qd3 Be7 10. Rd1 Qb6 11. b3 O-O 12. O-O Rfd8 13. Bxf6 Bxf6 14. Nd2 Qc5
15. Nc4 b5 16. Na5 Rac8 17. Nxc6 Rxc6 18. Nd5 Qxc2 19. Qg3 Kh8 20. Qf3 Rcc8 21.
Nxf6 gxf6 22. Qxf6+ Kg8 23. f4 Qxe4 24. fxe5 Qg6 25. Qe7 d5 26. Rf6 Qh5 27. Rf3
Qh6 28. Qxf7+ Kh8 29. Qxa7 Rc1 30. Rxc1 Qxc1+ 31. Rf1 Qc3 32. Qe7 Rc8 33. Rf8+
1-0

[Event "Championnat de France des Jeunes - Minim"]
[Site "Aix les Bains"]
[Date "2009.??.??"]
[Round "7.2"]
[White "Pinault, Mailys"]
[Black "Soubirou, Oriane"]
[Result "0-1"]
[WhiteElo "1686"]
[BlackElo "1855"]
[PlyCount "148"]

1. e4 c5 2. Nc3 a6 3. g3 b5 4. Bg2 Bb7 5. Nge2 e6 6. O-O d6 7. d4 cxd4 8. Nxd4
Nd7 9. Re1 Qc7 10. Bg5 Ngf6 11. Qe2 Be7 12. Rad1 O-O 13. f4 b4 14. Na4 Nc5 15.
Nxc5 dxc5 16. Qc4 Qb6 17. Nb3 Rac8 18. e5 Nd5 19. Bxe7 Nxe7 20. Rd6 Qc7 21.
Bxb7 Qxb7 22. Qxa6 Qf3 23. Qf1 Qg4 24. Red1 Nf5 25. R1d2 c4 26. Nd4 Nxd6 27.
exd6 Rfd8 28. Nb5 Qf5 29. d7 Rb8 30. Nd4 Qc5 31. Qf2 Rxd7 32. Nf3 Qxf2+ 33.
Kxf2 Rc7 34. Rd4 h6 35. Ne5 c3 36. b3 Ra8 37. Nd3 Rxa2 38. Nxb4 Rb2 39. Ke3 Rb1
40. Kf3 Kf8 41. Na2 Ke7 42. h4 Rb2 43. Nb4 Rb7 44. Ke4 Rb1 45. Kf3 Rc7 46. Rd3
Ra1 47. f5 Rf1+ 48. Ke4 exf5+ 49. Ke3 Rd7 50. Nd5+ Kd8 51. Nxc3 Rxd3+ 52. cxd3
f6 53. b4 h5 54. Ne2 Rb1 55. Nf4 Rxb4 56. Nxh5 Rg4 57. Kf3 Ke7 58. Nf4 g5 59.
hxg5 fxg5 60. Nd5+ Ke6 61. Ne3 Ra4 62. g4 f4 63. Nc4 Rxc4 64. dxc4 Ke5 65. Kf2
Kd4 66. Ke2 Kxc4 67. Kf2 Kd4 68. Kf3 Ke5 69. Kf2 f3 70. Kf1 Kf4 71. Kg1 Kxg4
72. Kf2 Kf4 73. Kf1 g4 74. Kg1 g3 0-1

[Event "Championnat de France des Jeunes - Minim"]
[Site "Aix les Bains"]
[Date "2009.??.??"]
[Round "7.3"]
[White "Le Bail, Arielle"]
[Black "Haussernot, Cecile"]
[Result "1-0"]
[WhiteElo "1859"]
[BlackElo "1924"]
[PlyCount "93"]

1. d4 Nf6 2. c4 g6 3. Nc3 Bg7 4. e4 d6 5. f3 O-O 6. Nge2 c5 7. d5 a6 8. a4 b6
9. Be3 Nbd7 10. Nc1 Ne8 11. Qd2 e5 12. dxe6 fxe6 13. Be2 Bb7 14. O-O Ndf6 15.
Rd1 Qc7 16. Nb3 Rd8 17. a5 d5 18. axb6 Qxb6 19. Nxc5 d4 20. N3a4 Qc6 21. Nxb7
Qxb7 22. Qa5 Nc7 23. Bxd4 Rde8 24. Nc5 Qc6 25. Nxa6 Na8 26. b4 e5 27. Be3 Kh8
28. b5 Qe6 29. b6 Nd7 30. c5 Qb3 31. Bf1 Nb8 32. Rab1 Qc2 33. Bd3 Nc6 34. Qa3
Qxd1+ 35. Rxd1 Rd8 36. b7 Nd4 37. bxa8=Q Rxa8 38. Bxd4 exd4 39. c6 Rfc8 40. Qd6
Bf8 41. Qd7 Rd8 42. Qg4 Bg7 43. Rb1 Rac8 44. c7 Rf8 45. Rb8 Rxb8 46. cxb8=Q
Rxb8 47. Nxb8 1-0

[Event "Championnat de France des Jeunes - Minim"]
[Site "Aix les Bains"]
[Date "2009.??.??"]
[Round "7.4"]
[White "Auvray, Juliette"]
[Black "Lefevre, Margaux"]
[Result "0-1"]
[WhiteElo "1921"]
[BlackElo "2021"]
[PlyCount "118"]

1. e4 g6 2. d4 Bg7 3. Nc3 c6 4. Be3 d5 5. Qd2 h5 6. h3 Nh6 7. f3 h4 8. Qf2 e6
9. O-O-O a6 10. Nge2 b5 11. g3 Qa5 12. Bd2 b4 13. Nb1 Qb6 14. gxh4 a5 15. h5 a4
16. hxg6 b3 17. gxf7+ Nxf7 18. cxb3 axb3 19. a3 Ne5 20. Nec3 Ba6 21. Be3 Nf7
22. Na4 Qc7 23. Nc5 Bc8 24. Nxb3 Nd7 25. Rg1 Bf8 26. Nc5 Bxc5 27. dxc5 Nf6 28.
Nc3 Qb7 29. exd5 Nxd5 30. Nxd5 cxd5 31. Bd4 Rh5 32. Rg8+ Ke7 33. Qe2 Bd7 34.
Rxa8 Qxa8 35. f4 Rf5 36. Qe3 Qc6 37. Bd3 Rh5 38. Bg6 Rh6 39. f5 e5 40. Bxe5
Nxe5 41. Qxh6 Qxc5+ 42. Kb1 Ba4 43. f6+ Kd8 44. Qh8+ Kc7 45. Rc1 Nc4 46. Qg7+
Kb6 47. Rc3 Qb5 48. b3 Bxb3 49. Kc1 Ba4 50. Rc2 Bxc2 51. Bxc2 Qb2+ 52. Kd1 Ne3+
53. Kd2 Nxc2 54. Qe7 Nd4+ 55. Kd3 Nc6 56. Qe3+ d4 57. Qd2 Qxa3+ 58. Ke2 Qxh3
59. Qf4 Qe6+ 0-1

[Event "Championnat de France des Jeunes - Minim"]
[Site "Aix les Bains"]
[Date "2009.??.??"]
[Round "7.5"]
[White "Thuret, Marine"]
[Black "Kohi, Camilla"]
[Result "1/2-1/2"]
[WhiteElo "1764"]
[BlackElo "1843"]
[PlyCount "66"]

1. Nc3 Nf6 2. e4 Nc6 3. d4 e6 4. e5 Nd5 5. Nxd5 exd5 6. f4 d6 7. Nf3 dxe5 8.
fxe5 f6 9. Bb5 a6 10. Bxc6+ bxc6 11. O-O Be7 12. Qe1 O-O 13. Qg3 fxe5 14. dxe5
Bc5+ 15. Kh1 Qe7 16. Bg5 Qf7 17. Rae1 Be6 18. h4 Qg6 19. c3 Rab8 20. b3 Be7 21.
Qh2 Bxg5 22. Nxg5 h6 23. Nxe6 Qxe6 24. Qg3 Rbe8 25. Rxf8+ Rxf8 26. Kh2 a5 27.
Qe3 Rf5 28. g4 Rf7 29. Kg3 Qe7 30. h5 Qa3 31. Re2 Qe7 32. Re1 Qa3 33. Re2 Qe7
1/2-1/2

[Event "Championnat de France des Jeunes - Minim"]
[Site "Aix les Bains"]
[Date "2009.??.??"]
[Round "7.6"]
[White "Copin, Oceane"]
[Black "Guo, Charlotte"]
[Result "1/2-1/2"]
[WhiteElo "1790"]
[BlackElo "1713"]
[PlyCount "49"]

1. d4 Nf6 2. Nf3 c5 3. c3 cxd4 4. cxd4 d5 5. Nc3 Nc6 6. Bf4 Bf5 7. e3 e6 8. Bb5
Nd7 9. Rc1 Rc8 10. O-O Be7 11. Re1 O-O 12. h3 h6 13. Bd3 Bxd3 14. Qxd3 Nb6 15.
Red1 Nc4 16. Qb1 Re8 17. e4 Nb6 18. Bg3 Bd6 19. e5 Be7 20. Nh2 Nc4 21. b3 Nb6
22. Kh1 Bb4 23. Ne2 Ne7 24. Bh4 Qd7 25. f4 1/2-1/2

[Event "Championnat de France des Jeunes - Minim"]
[Site "Aix les Bains"]
[Date "2009.??.??"]
[Round "7.7"]
[White "Lenoel, Marine"]
[Black "Alonso, Audrey"]
[Result "0-1"]
[WhiteElo "1687"]
[BlackElo "1774"]
[PlyCount "114"]

1. e4 e5 2. Nf3 Nc6 3. Bc4 Be7 4. d3 Nf6 5. Nc3 d6 6. Be3 Bg4 7. h3 Bh5 8. Bb5
a6 9. Ba4 Qd7 10. a3 b5 11. Bb3 Na5 12. Ba2 Nb7 13. g4 Bg6 14. Qe2 c6 15. g5
Nh5 16. O-O-O a5 17. d4 b4 18. Na4 exd4 19. Nb6 Qd8 20. Nxa8 dxe3 21. Qxe3 Qxa8
22. Rhe1 bxa3 23. Qxa3 Nf4 24. h4 Nc5 25. e5 d5 26. Qc3 Ne4 27. Qd4 Bc5 28. Qa4
Bxf2 29. Bxd5 Nxd5 30. Rxd5 Bxe1 31. Nxe1 O-O 32. Rxa5 Qd8 33. Nd3 Qd7 34. Kb1
Rb8 35. Ra8 Re8 36. Qa7 Qe6 37. Nf4 Qxe5 38. Nd3 Nd2+ 39. Kc1 Bxd3 40. cxd3
Nb3+ 41. Kb1 Qe1+ 42. Ka2 Qa1+ 43. Kxb3 Rxa8 44. Qd4 Rb8+ 45. Kc2 Re8 46. Kd2
Qa5+ 47. Kc2 Re2+ 48. Kb1 Re1+ 49. Kc2 Re2+ 50. Kb1 Re8 51. Kc2 c5 52. Qd5 Re2+
53. Kb1 Qb5 54. Qd8+ Re8 55. Qd5 Rb8 56. Qe5 Qxd3+ 57. Kc1 Ra8 0-1

[Event "Championnat de France des Jeunes - Minim"]
[Site "Aix les Bains"]
[Date "2009.??.??"]
[Round "7.8"]
[White "Turquetille, Annabelle"]
[Black "Saucey, Capucine"]
[Result "0-1"]
[WhiteElo "1590"]
[BlackElo "1764"]
[PlyCount "52"]

1. e4 e5 2. Nf3 Nc6 3. d4 exd4 4. Nxd4 Nf6 5. Nc3 Bc5 6. Be3 Bb6 7. Qd2 O-O 8.
O-O-O d6 9. Nxc6 bxc6 10. Bxb6 axb6 11. g3 Bg4 12. Be2 Be6 13. Kb1 b5 14. Qd4
Qc8 15. e5 dxe5 16. Qxe5 Re8 17. Qc5 Bxa2+ 18. Nxa2 Qa6 19. Qa3 Qxa3 20. bxa3
Rxe2 21. Kb2 Rxf2 22. Nb4 c5 23. Na6 Ne8 24. Nxc7 Nd6 25. Kb3 Nc4 26. c3 Rb2#
0-1

[Event "Championnat de France des Jeunes - Minim"]
[Site "Aix les Bains"]
[Date "2009.??.??"]
[Round "7.9"]
[White "Llacer, Cassandra"]
[Black "Daadaa, Soha"]
[Result "1-0"]
[WhiteElo "1910"]
[BlackElo "1590"]
[PlyCount "131"]

1. e4 e6 2. d4 d5 3. f3 Nf6 4. e5 Nfd7 5. c3 c5 6. Be3 Qb6 7. Qd2 Nc6 8. f4
cxd4 9. cxd4 Bb4 10. Nc3 Qa5 11. Nh3 Nb6 12. a3 Bd7 13. Qc1 Bxc3+ 14. bxc3 Rc8
15. Bd2 Nxd4 16. Qb1 Nf5 17. c4 Qc5 18. cxd5 Qxd5 19. Nf2 Nd4 20. Bd3 Qb3 21.
Ne4 Qxb1+ 22. Rxb1 O-O 23. Nd6 Rc7 24. O-O f6 25. Be3 fxe5 26. fxe5 Rxf1+ 27.
Bxf1 Nc6 28. Rxb6 axb6 29. Bxb6 Rc8 30. Nxc8 Bxc8 31. Bc7 Kf7 32. Bd6 Kg6 33.
Bd3+ Kh6 34. Kf2 Bd7 35. Ke3 Be8 36. Kf4 Bg6 37. Bc4 Bf7 38. h4 Na5 39. Be2 Bg6
40. Be7 Bc2 41. h5 g5+ 42. Bxg5+ Kg7 43. Bd8 Nc6 44. Bb6 Ne7 45. Bd8 Nd5+ 46.
Kf3 Kf7 47. g4 Nc3 48. Bb6 Nd5 49. Bd4 Ba4 50. Bd3 Bc6 51. Kg3 h6 52. Be4 Ne7
53. Bxc6 bxc6 54. Bc5 Nd5 55. Kf3 Nc3 56. Ke3 Nd1+ 57. Kd2 Nb2 58. Kc3 Na4+ 59.
Kb4 Nb2 60. Bd6 Nd3+ 61. Kc4 Nf2 62. a4 Nxg4 63. a5 Ne3+ 64. Kc5 Ke8 65. a6 Nf5
66. a7 1-0

[Event "Championnat de France des Jeunes - Minim"]
[Site "Aix les Bains"]
[Date "2009.??.??"]
[Round "7.11"]
[White "Seelen, Amandine"]
[Black "Auffret, Gaelle"]
[Result "1-0"]
[WhiteElo "1694"]
[BlackElo "1667"]
[PlyCount "77"]

1. d4 d5 2. Nf3 Nf6 3. c4 c6 4. e3 a6 5. Nc3 e6 6. Bd3 Bd6 7. O-O dxc4 8. Bxc4
b5 9. Bd3 O-O 10. e4 Bc7 11. Bg5 h6 12. Bh4 Qd7 13. Bxf6 gxf6 14. Ne2 Kh7 15.
Ng3 Rg8 16. Nh5 Bd8 17. Qd2 Bb7 18. Nxf6+ Bxf6 19. e5+ Kg7 20. exf6+ Kxf6 21.
Qxh6+ Ke7 22. Qh7 Qe8 23. Ne5 Nd7 24. Qh4+ Kd6 25. f4 c5 26. dxc5+ Nxc5 27. Rf2
Qf8 28. Rd1 Kc7 29. Rc2 Rd8 30. b4 Kb8 31. bxc5 Qxc5+ 32. Rxc5 Rxg2+ 33. Kf1
Rdg8 34. Rdc1 Rxa2 35. Nxf7 Bg2+ 36. Ke1 Bb7 37. Nd6 Rg1+ 38. Bf1 Ka7 39. Nxb7
1-0

[Event "Championnat de France des Jeunes - Minim"]
[Site "Aix les Bains"]
[Date "2009.??.??"]
[Round "7.12"]
[White "Bogen, Fanny"]
[Black "Armas, Lena"]
[Result "0-1"]
[WhiteElo "1570"]
[BlackElo "1814"]
[PlyCount "87"]

1. e4 d6 2. d4 Nf6 3. Nc3 g6 4. Bg5 Bg7 5. Qd2 O-O 6. Bh6 c5 7. Bxg7 Kxg7 8.
Nf3 a6 9. Bd3 cxd4 10. Nxd4 b5 11. h4 e5 12. Nde2 h5 13. Ng3 Nh7 14. f4 exf4
15. Qxf4 Qf6 16. Qe3 Bg4 17. Kd2 Nd7 18. Raf1 Qd8 19. Qd4+ Ne5 20. Kc1 Kg8 21.
Be2 Qc7 22. Nd5 Qc5 23. Qxc5 dxc5 24. Bxg4 Nxg4 25. Re1 Rad8 26. Nc7 Rd6 27. e5
Rc6 28. Nd5 Re8 29. Rhf1 Kg7 30. Nf6 Nhxf6 31. exf6+ Nxf6 32. Rxe8 Nxe8 33. Ne4
Nf6 34. Ng5 Rd6 35. Nf3 Ng4 36. Ng5 Rd7 37. g3 Ne3 38. Re1 Nf5 39. Rg1 Rb7 40.
g4 hxg4 41. Rxg4 Kh6 42. Kd2 Nxh4 43. Ne4 Nf3+ 44. Kc3 0-1

[Event "Championnat de France des Jeunes - Minim"]
[Site "Aix les Bains"]
[Date "2009.??.??"]
[Round "7.13"]
[White "Gassama, Aissatou"]
[Black "Colin, Phanie"]
[Result "1-0"]
[WhiteElo "1520"]
[BlackElo "1800"]
[PlyCount "159"]

1. e4 c5 2. Nc3 Nc6 3. f4 e6 4. Nf3 g6 5. Bc4 Bg7 6. O-O Nge7 7. d3 O-O 8. Qe1
Nd4 9. Nxd4 cxd4 10. Ne2 d5 11. Bb3 a5 12. a3 a4 13. Ba2 b5 14. f5 exf5 15. Qh4
Qd7 16. Bh6 dxe4 17. Bxg7 Kxg7 18. dxe4 Bb7 19. exf5 Nxf5 20. Qf4 Qc6 21. Rf2
Rad8 22. Ng3 Nxg3 23. Qxg3 Qd6 24. Qd3 Qc6 25. Raf1 Rd7 26. Qg3 Qc7 27. Qg5 Qd6
28. Rf6 Qc7 29. R1f4 Qxc2 30. Rf2 Qd1+ 31. Rf1 Qd3 32. R6f4 Qe3+ 33. Kh1 Qe7
34. Qxb5 Qd6 35. Qxa4 d3 36. Qd1 Qc6 37. R4f2 Ba6 38. Rd2 f5 39. Bb1 Rfd8 40.
h4 Qe4 41. Qe1 Qg4 42. Qe5+ Kh6 43. Qe3+ Kg7 44. Qe5+ Kh6 45. Qe3+ g5 46. Qe6+
Kg7 47. Rxf5 Qxh4+ 48. Kg1 Bc4 49. Qe5+ Kh6 50. Qf6+ Kh5 51. Rff2 Rf7 52. Qxd8
Rxf2 53. Rxf2 Qe4 54. Qd7 Qe1+ 55. Rf1 d2 56. Qh3+ Qh4 57. Qxh4+ Kxh4 58. Bc2
Bxf1 59. Kxf1 Kg3 60. Ke2 Kxg2 61. Bxh7 Kh2 62. Bf5 Kg3 63. Kxd2 Kf4 64. Bc8
Ke4 65. Kc3 Kd5 66. b4 Kc6 67. a4 Kc7 68. Bg4 Kb6 69. Kc4 Kc6 70. b5+ Kb6 71.
Kb4 Kb7 72. Kc5 Kc7 73. a5 Kb7 74. a6+ Ka7 75. Kc6 Kb8 76. b6 Ka8 77. b7+ Ka7
78. Be2 Kb8 79. a7+ Kxa7 80. Kc7 1-0

[Event "Championnat de France des Jeunes - Minim"]
[Site "Aix les Bains"]
[Date "2009.??.??"]
[Round "7.14"]
[White "Uhl, Sarah"]
[Black "Marange, Elise"]
[Result "1-0"]
[WhiteElo "1729"]
[BlackElo "1340"]
[PlyCount "81"]

1. e4 d5 2. exd5 Qxd5 3. Nc3 Qa5 4. d4 Nf6 5. Nf3 Bf5 6. Bd2 c6 7. Bc4 e6 8.
O-O Qc7 9. Re1 Bd6 10. Bb3 O-O 11. h3 Nbd7 12. Nh4 Bg6 13. Nxg6 hxg6 14. Qf3
Rad8 15. Bg5 Bb4 16. a3 Bxc3 17. Qxc3 Nb6 18. Qf3 Nbd5 19. Rad1 b5 20. c3 c5
21. dxc5 Qxc5 22. Bxd5 Rxd5 23. Bxf6 gxf6 24. Qxf6 Rf5 25. Qd4 Qc7 26. Qd7 Qf4
27. Qxa7 Rd5 28. Rxd5 exd5 29. Qe3 Qa4 30. Qc5 Qc2 31. Qxb5 Qd2 32. Qe2 Qg5 33.
Qe3 Qd8 34. Rd1 Qb8 35. Qd2 Kh7 36. b4 Qa7 37. Qxd5 Qxa3 38. Qe5 Rc8 39. Rd4
Qc1+ 40. Kh2 g5 41. Qf5+ 1-0